[Event "GER-chT Youth Countries 2018"]
[Site "Wurzburg"]
[Date "2018.10.06"]
[Round "6"]
[White "Pfreundt, Jakob"]
[Black "Degenhard, Simon"]
[Result "1/2-1/2"]
[WhiteElo "2358"]
[BlackElo "2207"]
[Annotator "NA"]
[PlyCount "109"]
[EventDate "2018.10.03"]
[EventType "team-tourn"]
[EventCountry "GER"]
[SourceTitle "playchess.com"]
[Source "ChessBase"]
[SourceQuality "1"]
[TimeControl "40/5400+30:1800+30"]

{[%evp 26,86,24,18,21,2,42,35,37,29,54,31,57,56,72,24,66,70,69,84,81,64,62,55,54,43,78,69,110,114,333,360,403,129,121,135,502,611,570,409,453,212,227,0,517,468,552,413,1207,1045,1015,32767,32767,502,1012,945,1475,1427,1489,249,268,249,176]} 1. d4 {[%emt 0:00:00] Aronian,L} Nf6 {[%emt 0:00:00]} 2. Nf3 {[%emt 0:00:00]} e6 {[%emt 0:00:00]} 3. c4 {[%emt 0:00:03]} d5 {[%emt 0:00:02]} 4. Nc3 {[%emt 0:00:14]} c5 {[%emt 0:00:10]} 5. cxd5 {[%emt 0:00:28]} Nxd5 {[%emt 0:00:11]} 6. e4 {[%emt 0:00:14]} Nxc3 {[%emt 0:00:10]} 7. bxc3 {[%emt 0:00:03]} cxd4 {[%emt 0:00:12]} 8. cxd4 {[%emt 0:00:07]} Bb4+ {[%emt 0:00:08]} 9. Bd2 {[%emt 0:00:06]} Bxd2+ {[%emt 0:00:06]} 10. Qxd2 {[%emt 0:00:06]} O-O {[%emt 0:01:12]} 11. Rc1 {[%emt 0:00:33]} b6 {[%emt 0:01:01] D41: Queen's Gambit Declined: Semi-Tarrasch with 5 cxd5} 12. Bd3 {[%emt 0:00:43]} Bb7 {[%emt 0:00:37]} 13. O-O {[%emt 0:00:17]} Nd7 {[%emt 0:00:18] LiveBook: 65 Games} 14. Qe3 {[%emt 0:00:27]} Rc8 {[%emt 0:02:33]} 15. e5 {[%emt 0:05:31] [#]} Qe7 $146 {[%emt 0:07:32]} ({Predecessor:} 15... Bxf3 16. Qxf3 Qh4 17. Qe3 Rfd8 18. f4 Nf8 19. Rxc8 Rxc8 {1-0 (52) Aronian,L (2809)-Kramnik,V (2801) Paris/St Petersburg 2013 CBM 154 [Aronian,L]}) 16. Ng5 {[%emt 0:10:53]} g6 {[%emt 0:12:47]} 17. Be4 {[%emt 0:23:07]} Ba6 {[%emt 0:14:39]} 18. Rfd1 {[%emt 0:00:08]} f5 {[%emt 0:11:52]} 19. exf6 $1 {[%emt 0:00:39]} Nxf6 {[%emt 0:00:32]} 20. Bf3 {[%emt 0:11:15]} Rxc1 {[%emt 0:05:02]} 21. Rxc1 {[%emt 0:00:24]} Rc8 {[%emt 0:00:22]} 22. Rxc8+ {[%emt 0:05:56]} Bxc8 {[%emt 0:00:26]} 23. h4 {[%emt 0:02:41]} Qd6 {[%emt 0:07:37]} 24. h5 {[%emt 0:07:36]} gxh5 {[%emt 0:04:05]} 25. Nh3 {[%emt 0:05:13]} Qc7 {[%emt 0:04:21]} (25... Ng4 $11 26. Qg5+ Kf8) 26. Nf4 {[%emt 0:02:59]} Qf7 {[%emt 0:00:40]} (26... Ng4 $14 27. Bxg4 hxg4) 27. Qe5 {[%emt 0:01:25]} h6 $2 {[%emt 0:09:32] [#]} (27... Qg7 $16 {is a better defense.} 28. Qb8 (28. Nxe6 Bxe6 29. Qxe6+ Qf7 $16) 28... Qd7 29. Nxh5 (29. Bxh5 Qc6 $16) 29... Nxh5) 28. d5 $1 {[%emt 0:07:56]} exd5 {[%emt 0:08:18]} 29. Nxh5 $2 {[%emt 0:00:14]} (29. Nxd5 $18 {is the precise move to win.} Nd7 30. Qd6) 29... Ne4 {[%emt 0:01:18]} 30. Nf4 {[%emt 0:06:07]} Bb7 $2 {[%emt 0:02:16]} (30... Qf5 $16 31. Qb8 (31. Qxd5+ Qxd5 32. Nxd5 Nd6 $11) (31. Qe8+ Qf8 $16) 31... Nf6) 31. Bh5 {[%emt 0:01:40]} Qf8 {[%emt 0:03:38]} 32. Qe6+ $2 {[%emt 0:04:31]} (32. Bg4) 32... Kg7 $1 {[%emt 0:00:01]} 33. Qd7+ {[%emt 0:01:26]} Kg8 {[%emt 0:00:01]} 34. Qe6+ {[%emt 0:00:24]} ({Resist} 34. Qxb7 $6 Qxf4 35. Qxd5+ Kg7 $16) ({White should try} 34. Qc7 $18 Bc8 35. Bg6) 34... Kg7 {[%emt 0:00:06]} 35. Qg4+ {[%emt 0:00:57]} Kf6 {[%emt 0:01:21]} 36. Ne6 {[%emt 0:02:09]} Qb8 {[%emt 0:03:41]} (36... Qh8 $142 37. f3 Bc8) 37. Qg6+ {[%emt 0:00:56]} Ke5 {[%emt 0:00:26]} 38. f4+ {[%emt 0:00:32]} Kd6 {[%emt 0:00:06] [#]} 39. Qg7 $1 {[%emt 0:00:56]} ({Not} 39. Nf8+ Kc7 $18) 39... Qc8 {[%emt 0:01:21]} 40. Qe5+ {[%emt 0:00:15]} Kc6 {[%emt 0:00:48]} 41. Bg4 {[%emt 0:06:12]} Qg8 {[%emt 0:05:17]} 42. a4 $2 {[%emt 0:18:36]} (42. Qc7+ Kb5 43. Qxb7 Qxg4 44. Qxd5+ Nc5 45. Nc7+ Kb4 46. Qd4+ Ka3 47. Nd5) 42... Nd6 {[%emt 0:03:43]} 43. Bf3 {[%emt 0:00:46]} Kd7 $18 {[%emt 0:01:57]} 44. Nd4 {[%emt 0:01:17]} a6 {[%emt 0:08:12]} 45. Qf6 {[%emt 0:01:57]} Bc6 {[%emt 0:02:46]} 46. Qxh6 {[%emt 0:02:19]} Bxa4 {[%emt 0:00:36]} 47. f5 {[%emt 0:01:22]} Qe8 {[%emt 0:02:40]} 48. Qf4 {[%emt 0:00:08]} Qe1+ {[%emt 0:03:17]} 49. Kh2 {[%emt 0:00:00]} Nf7 {[%emt 0:02:21]} 50. Be2 {[%emt 0:00:58]} Bd1 {[%emt 0:01:08]} 51. Bxa6 {[%emt 0:01:27]} Ne5 {[%emt 0:01:08]} 52. Bb5+ {[%emt 0:00:01]} Kc8 {[%emt 0:00:20]} 53. Ba6+ {[%emt 0:00:09]} Kd7 {[%emt 0:00:07]} 54. Bb5+ {[%emt 0:00:02]} Kc8 {[%emt 0:00:02]} 55. Ba6+ {[%emt 0:02:24]} 1/2-1/2

[Event "GER-chT Youth Countries 2018"]
[Site "Wurzburg"]
[Date "2018.10.06"]
[Round "6"]
[White "Muckle, Julius"]
[Black "Silber, Kevin"]
[Result "1-0"]
[WhiteElo "2348"]
[BlackElo "2205"]
[Annotator "TA"]
[PlyCount "61"]
[EventDate "2018.10.03"]
[EventType "team-tourn"]
[EventCountry "GER"]
[SourceTitle "playchess.com"]
[Source "ChessBase"]
[SourceQuality "1"]

{[%evp 18,61,56,29,88,49,95,97,114,73,81,58,86,93,88,97,130,97,231,235,226,245,249,196,450,448,429,192,202,195,212,208,207,190,480,495,525,472,637,530,526,506,503,508,492,437]} 1. d4 a6 2. c4 Nf6 3. Nc3 g6 4. e4 d6 5. f3 Bg7 6. Be3 O-O 7. Qd2 e5 8. Nge2 Nc6 9. d5 Na5 10. Ng3 {[#] LiveBook: 5 Games. Threatens to win with b4. E85: King's Indian: Sämisch: 6...e5} (10. Nc1 c5 11. a3 b6 12. b4 Nb7 13. Be2 Nh5 14. O-O Nf4 15. Nd3 Nxe2+ 16. Qxe2 Bd7 17. Rab1 Qc7 18. Rfc1 {0-1 (44) Sjodahl,P (2408)-Gislason,G (2307) Reykjavik 2018}) 10... b6 (10... b5 $1 $11 {keeps the balance.}) 11. Bd3 $146 ({Predecessor:} 11. b4 Nb7 12. Bd3 a5 13. b5 Nc5 14. Bc2 Ncd7 15. Bh6 Kh8 16. Bxg7+ Kxg7 17. h4 h5 {1-0 (37) Mendes,R (2025)-Costa,A (1800) Lisbon 2004}) 11... Ne8 12. O-O {White is better.} Bd7 13. Nce2 Nb7 14. b4 f5 15. exf5 gxf5 {...f4 is the strong threat.} 16. Bg5 $36 {[%mdl 2048] White has strong initiative.} Qc8 17. Rac1 c5 {[#]} (17... a5 $16) 18. dxc6 $1 $18 Qxc6 19. Nc3 Be6 20. Nd5 Bxd5 $2 (20... Kh8 21. Qf2 Nd8 22. Nxb6 Rb8) 21. cxd5 Qd7 22. Rc6 (22. Qc2 $142) 22... b5 23. Qc2 {[%cal Rd3f5]} h6 {Black wants to play ...e4.} 24. Bh4 ({Much less strong is} 24. Bxf5 $6 Rxf5 25. Qxf5 Qxf5 $16) 24... e4 25. fxe4 f4 $2 (25... fxe4 {was called for.} 26. Rxf8+ (26. Nxe4 Rxf1+ 27. Bxf1 Nd8 $18) 26... Kxf8) 26. Nf5 {White is clearly winning.} Be5 27. g3 f3 28. Nxh6+ Kh8 29. Nf5 Nd8 30. Bxd8 Qxd8 31. Rxf3 {Precision: White = 44%, Black = 26%.} 1-0

[Event "GER-chT Youth Countries 2018"]
[Site "Wurzburg"]
[Date "2018.10.06"]
[Round "6"]
[White "Nothnagel, Marian Can"]
[Black "Niermann, Tristan"]
[Result "1/2-1/2"]
[WhiteElo "2341"]
[BlackElo "2307"]
[Annotator "TA"]
[PlyCount "87"]
[EventDate "2018.10.03"]
[EventType "team-tourn"]
[EventCountry "GER"]
[SourceTitle "playchess.com"]
[Source "ChessBase"]
[SourceQuality "1"]

{[%evp 20,87,-18,-12,0,0,4,0,0,0,0,0,0,0,11,0,6,0,4,3,13,0,0,0,0,0,21,21,13,18,30,29,29,0,0,0,0,0,29,6,12,15,18,0,0,0,0,0,9,9,20,0,0,0,43,43,50,50,51,50,46,11,42,-33,-8,-18,-8,-18,0,0]} 1. Nf3 Nf6 2. g3 d5 3. Bg2 c6 4. O-O Bg4 5. d3 Nbd7 6. h3 Bxf3 {A07: Réti Opening: New York and Capablanca Systems} 7. Bxf3 e5 8. Nd2 (8. e4 Bc5 9. Nc3 dxe4 10. Nxe4 Nxe4 11. dxe4 O-O 12. Qe2 Qe7 {½-½ (71) Ding,L (2781)-Yu,Y (2753) Danzhou 2017}) 8... Bc5 9. e4 O-O 10. Qe2 Re8 11. Bg2 {LiveBook: 4 Games} Qe7 $146 ({Predecessor:} 11... Qc7 12. a4 a5 13. Nb3 Bb4 14. c3 {1-0 (42) Zhao,J (2611)-Li,D (2450) Tianjin 2018}) 12. Nf3 Rad8 13. Nh4 g6 14. Bd2 dxe4 15. dxe4 Nf8 16. Nf3 Ne6 17. c3 Qc7 18. Ng5 Qd6 19. Nxe6 Rxe6 20. Bg5 Qd3 21. Qf3 Qxf3 22. Bxf3 Rd3 23. Kg2 Kg7 24. Rad1 Red6 25. Rxd3 Rxd3 26. Re1 Rd7 27. Kf1 h6 28. Bc1 g5 29. Ke2 Bb6 30. a4 Rd8 31. Rh1 (31. b3 {seems wilder.} a5 32. Ba3 Kg6 33. Rb1 Rd7 34. Bc1) 31... a5 32. Be3 (32. Rf1 {with more complications.} Kg6 33. Bd2 Nd7 34. b3 Nf6 35. Be3) 32... Bxe3 33. Kxe3 $11 {[%mdl 4096] Endgame KRB-KRN} Rd6 34. Be2 Nd7 35. Rb1 Nc5 36. Bd1 b5 37. axb5 cxb5 38. Be2 b4 39. cxb4 axb4 40. Rc1 Ne6 41. Bc4 ({Better is} 41. Bh5 $14) 41... Rc6 $15 42. b3 {The position is equal.} Nd4 {aiming for ...Nxb3!} 43. Rd1 Rf6 {[#] Strongly threatening ...Rf3+.} 44. f4 $1 {Precision: White = 55%, Black = 49%.} 1/2-1/2

[Event "GER-chT Youth Countries 2018"]
[Site "Wurzburg"]
[Date "2018.10.06"]
[Round "6"]
[White "Krastev, Alexander"]
[Black "Garbuz, Vitaliy"]
[Result "1-0"]
[WhiteElo "2298"]
[BlackElo "2182"]
[Annotator "TA"]
[PlyCount "153"]
[EventDate "2018.10.03"]
[EventType "team-tourn"]
[EventCountry "GER"]
[SourceTitle "playchess.com"]
[Source "ChessBase"]
[SourceQuality "1"]

{[%evp 27,153,0,0,0,0,-25,-17,-52,-43,-52,0,-27,-11,-20,0,-33,-33,-31,0,0,20,20,56,37,58,31,55,51,55,35,52,39,57,60,59,52,52,52,56,53,58,48,50,50,58,59,77,75,79,79,83,79,85,78,83,84,127,86,86,64,86,69,56,28,143,140,147,35,38,40,38,0,26,0,0,0,0,0,0,0,0,0,0,0,0,0,66,0,0,0,69,52,181,191,154,152,170,119,129,169,102,-43,0,0,38,-24,202,202,202,202,817,748,1372,1237,1106,1743,29979,29980,5114,5106,29971,29970,29984,29985,29993,29990,29990,29985]} 1. e4 {[%cal Be2e4,Be4e5][%mdl 32]} Nf6 2. e5 Nd5 3. d4 d6 4. c4 Nb6 5. exd6 cxd6 6. Nc3 g6 7. Be3 Bg7 8. Rc1 O-O 9. b3 Bf5 10. Nf3 {B03: Alekhine's Defence: Four Pawns Attack} (10. d5 e5 11. dxe6 Bxe6 12. Nge2 d5 13. c5 Nc6 14. Nd4 Bxd4 15. Bxd4 Re8 16. cxb6 Qh4 17. Ne2 axb6 {1-0 (38) Xiong,J (2618)-Kamsky,G (2678) Saint Louis 2016 CBM 172 [Mekhitarian,K]}) 10... d5 11. c5 Nc8 12. Be2 Nc6 13. O-O Bg4 14. h3 Bxf3 $1 {LiveBook: 8 Games} 15. Bxf3 e6 16. Qd2 N8e7 17. Rfd1 Nf5 18. Ne2 $146 h5 (18... Nh4 $15) 19. g3 (19. Bg5 $5 {[%cal Rg5d8]} Bf6 20. Bxf6 Qxf6 21. b4 $11) 19... Kh7 20. Bg2 Nxe3 21. Qxe3 (21. fxe3 {is interesting.} Bh6 22. Nf4 Kg8 23. Qf2 Rc8 24. b4) 21... Bh6 22. f4 h4 23. g4 Rh8 24. a3 Kg8 25. Rf1 Ne7 26. Qf3 Qd7 27. Rb1 Bg7 28. Qd3 a6 29. Rfd1 {[%cal Bf1d1,Bd1d3,Bd3a3][%mdl 32]} Bh6 30. b4 Qb5 31. Qc2 Qd7 32. a4 Kh7 33. Rd3 Nc6 34. Ra3 Bg7 35. Qd2 Qe7 36. Kh1 Qf6 {[%cal Rc6d4]} 37. Rd3 Qe7 38. Ng1 Qc7 39. Nf3 Bf6 40. Rf1 Ne7 41. Ne5 Nc6 42. Ra3 Rhf8 43. Rfa1 Nxe5 44. fxe5 Be7 45. Rf1 Qd8 (45... f6 $11) 46. Raf3 $16 Kg7 47. Qe1 ({White has to play} 47. Qf2 $16) 47... Bg5 $14 48. R1f2 Qe7 49. Rf6 Kh7 50. R2f3 Qd7 51. Bf1 Bxf6 52. Rxf6 Qxa4 {Strongly threatening ...a5.} 53. Qxh4+ Kg7 54. Rf4 Qd7 (54... Qxb4 55. Qf6+ Kh7 56. h4 $15) 55. Qf6+ Kg8 56. Qg5 Kg7 ({Better is} 56... a5 $1 $11 57. h4 Qe8) 57. Qf6+ (57. Bd3 $14) 57... Kg8 $11 {aiming for ...a5.} 58. Qg5 Kg7 ({Black should play} 58... a5 $11 59. Qh6 Qa4) 59. Bd3 $14 Rh8 (59... Rg8 $1 $14) 60. Qf6+ $18 Kg8 {[#]} 61. Bxg6 $1 {[%mdl 512]} Rf8 ({Wrong is} 61... fxg6 $2 62. Qxg6+ Qg7 63. Qxe6+ Kh7 64. Rf7 $18) (61... Rxh3+ $2 62. Kg2 $18) 62. Bc2 $1 $40 {[%cal Rf6g5][%mdl 128] White is out for blood.} Qd8 {...Qxf6 is the strong threat.} 63. Kg2 Qxf6 64. Rxf6 {[%mdl 4096] Endgame KRR-KRB} (64. exf6 $16 Rb8 65. Rf1) 64... a5 65. b5 $1 ({Reject} 65. bxa5 Ra8 $17) 65... Kg7 (65... a4 $5 66. Bxa4 Ra8 $11) 66. Kg3 {[#]} ({White should try} 66. Ba4 $14) 66... Ra8 $2 {[#]} (66... a4 $1 $11 {[%mdl 512] and Black is okay.} 67. Bxa4 Ra8) 67. Ba4 $1 Rh6 {[#]} 68. g5 $1 {[%cal Rg5h6]} Rxf6 $2 (68... Rh7) 69. exf6+ {KR-KB} Kg8 70. Kf4 Rd8 71. h4 {[%cal Bh3h4,Bh4h5,Bh5h6][%mdl 32]} Kf8 72. Ke5 b6 73. cxb6 Ke8 74. b7 {White mates.} Rb8 75. b6+ Kd8 76. h5 Rxb7 77. h6 {Precision: White = 59%, Black = 26%.} 1-0

[Event "GER-chT Youth Countries 2018"]
[Site "Wurzburg"]
[Date "2018.10.06"]
[Round "6"]
[White "Polster, Christian"]
[Black "Faerber, David"]
[Result "0-1"]
[WhiteElo "2294"]
[BlackElo "2279"]
[Annotator "TA"]
[PlyCount "84"]
[EventDate "2018.10.03"]
[EventType "team-tourn"]
[EventCountry "GER"]
[SourceTitle "playchess.com"]
[Source "ChessBase"]
[SourceQuality "1"]

{[%evp 26,83,31,19,49,47,56,46,51,68,52,33,43,44,136,143,118,118,100,0,0,0,0,0,76,83,71,73,145,140,91,-13,-27,-26,-32,-29,-19,-15,0,-253,-227,-205,-72,-23,-17,-29972,-29972,-29968,-29965,-29975,-29976,-29988,-29989,-29989,-29990,-29997,-29998,-29998,-29999,-29999]} 1. e4 c5 2. Nf3 Nc6 3. d4 cxd4 4. Nxd4 e6 5. Nc3 Qc7 6. Ndb5 Qb8 7. Be3 a6 8. Bb6 axb5 9. Nxb5 Bb4+ {[%cal Bf8b4,Bb4a5,Ba5c7][%mdl 32]} 10. c3 Ba5 {B47: Sicilian: Taimanov: 5 Nc3 Qc7 6 f4, 6 g3 and 6 Be2} 11. Nc7+ Qxc7 12. Bxc7 Bxc7 13. Qg4 g6 14. Bb5 {LiveBook: 20 Games} d6 (14... Nge7 15. Qe2 d5 16. O-O O-O 17. Rfd1 dxe4 18. Qxe4 {½-½ (34) Popov,I (2632)-Gagunashvili,M (2601) Denizli 2013}) 15. O-O Nge7 16. Qe2 O-O 17. a4 d5 $146 ({Predecessor:} 17... e5 18. b4 {0-1 (41) Schulze,L (2034)-Schleining,Z (2351) Germany 2017}) 18. b4 dxe4 19. Qxe4 e5 ({Black should play} 19... Nd5 $14) 20. a5 $16 Bf5 21. Qe2 e4 22. a6 (22. g4 $16 Be6 23. Bc4 (23. Qxe4 Nd5 $16)) 22... bxa6 $11 23. Bxc6 Nxc6 24. Rxa6 Rxa6 (24... Ne5 $1 $11) 25. Qxa6 $16 Ne5 26. c4 e3 (26... Rb8 $142) 27. fxe3 Ng4 28. Rxf5 (28. h3 $1 $16 {[%cal Rh3g4]} Nxe3 29. Rf3) 28... Bxh2+ $11 29. Kh1 gxf5 30. Qa5 $1 {[%cal Ra5f5]} Be5 {Hoping for ...Rc8.} 31. c5 $1 Bf6 {White must now prevent ...Rd8.} 32. c6 $2 {[%mdl 8192]} (32. g3 $11) 32... Rd8 $19 {[%cal Rd8d1]} ({Wrong is} 32... Nxe3 $2 33. Qc5 $18) 33. g3 Rd1+ ({And not} 33... Nxe3 34. c7 $16) 34. Kg2 Rd2+ 35. Kf1 $2 {[%mdl 8192]} (35. Kh1 $11) 35... Nxe3+ {Black mates.} 36. Kg1 {[#]} Ng4 $1 37. Qa8+ {[#]} Kg7 $1 38. c7 Bd4+ 39. Kf1 Rf2+ 40. Ke1 Bc3+ 41. Kd1 Ne3+ 42. Kc1 Rf1# {Precision: White = 44%, Black = 67%.} 0-1

[Event "GER-chT Youth Countries 2018"]
[Site "Wurzburg"]
[Date "2018.10.06"]
[Round "6"]
[White "Svane, Frederik"]
[Black "Goldbeck, Lars"]
[Result "1/2-1/2"]
[WhiteElo "2287"]
[BlackElo "2184"]
[Annotator "TA"]
[PlyCount "148"]
[EventDate "2018.10.03"]
[EventType "team-tourn"]
[EventCountry "GER"]
[SourceTitle "playchess.com"]
[Source "ChessBase"]
[SourceQuality "1"]

{[%evp 19,148,18,14,10,23,24,18,26,17,10,29,1,14,14,14,13,14,12,25,-10,0,0,24,22,48,39,61,54,70,53,110,111,145,111,116,0,0,0,0,0,0,0,0,-55,-62,-57,0,0,0,0,0,0,0,0,0,0,0,-8,0,0,0,0,0,0,6,7,15,0,3,0,26,0,0,0,0,0,0,0,0,0,0,0,0,0,0,0,0,0,0,0,0,0,0,0,0,0,0,0,8,0,0,0,0,0,0,0,0,0,0,0,0,0,0,0,0,0,0,0,0,0,0,0,0,0,0,0,0,0,0,0,0]} 1. e4 c5 2. Nf3 d6 3. d4 cxd4 4. Nxd4 Nf6 5. Nc3 a6 6. Be3 e5 7. Nf3 Qc7 8. Be2 Be7 9. a4 O-O 10. O-O b6 11. Qd3 {B90: Sicilian Najdorf: Unusual White 6th moves, 6 Be3 Ng4 and 6 Be3 e5} (11. Nd2 Be6 12. Bf3 Nbd7 13. Qe2 Rfc8 14. Rfc1 Qb7 15. Nf1 Bc4 16. Qd2 b5 17. axb5 axb5 18. Ng3 b4 19. Nd5 Bxd5 20. exd5 {0-1 (52) Movsesian,S (2659)-Swiercz,D (2616) Czechia 2015}) 11... Nc6 12. Nd5 Nxd5 13. exd5 Nb8 14. Nd2 Nd7 $146 ({Predecessor:} 14... a5 15. Qc3 Qxc3 16. bxc3 Bb7 17. c4 Nd7 18. Rfb1 Bd8 {½-½ (31) Mehaux,H (2076)-Bruening,R (2211) GER email 2014}) 15. Nc4 f5 16. a5 {[%cal Ra5b6]} b5 17. Nb6 Nxb6 18. Bxb6 Qb7 19. f3 Bd7 20. b3 {[%cal Bb2b3,Bb3c4][%mdl 32]} Rac8 21. c4 Bf6 22. Qd2 e4 23. Rac1 bxc4 24. bxc4 Rfe8 (24... exf3 $14 25. Bxf3 Rfe8) 25. f4 h6 26. Kh1 Kh7 27. Be3 ({White should try} 27. Rb1 $16) 27... Rb8 $1 $11 28. c5 dxc5 29. Bxc5 Bb5 30. d6 $1 e3 31. Qc2 (31. Bxe3 $11 Bxe2 32. Qxe2) 31... Bxe2 $15 32. Qxe2 Qe4 (32... Re4 $15) 33. d7 $11 ({Don't blunder} 33. Qxa6 $2 e2 $19) 33... Red8 $1 {[#] Strongly threatening ...Rb2.} 34. Qxe3 Rxd7 35. Qxe4 $1 fxe4 36. Bb6 Re8 37. Rc2 Rd3 38. Re2 e3 39. g3 Bc3 40. Kg2 Bd2 41. Ra1 Re4 42. Kf3 Rc4 43. Rd1 {[%cal Rb6e3]} Rcc3 44. Ra1 Rc4 45. Rd1 {[%cal Rb6e3]} (45. Ra2 {with more complications.} Rcc3 46. Ke4 Rd7 47. Ra4 Kg6 48. Kf3) 45... Ra4 {The position is equal.} 46. Bxe3 (46. Rb1 {seems wilder.} Rc3 47. Rb2 Kg8 48. h4 h5 49. Ba7) 46... Rxe3+ 47. Rxe3 Bxe3 48. Kxe3 Rxa5 {[%mdl 4096] Endgame KR-KR} 49. Rd6 Ra2 50. Kf3 Kg8 51. h3 Kf7 52. Rd7+ Kf6 53. Rd6+ Ke7 54. Rg6 Kf7 55. Rb6 a5 {[%cal Ba6a5,Ba5a4,Ba4a3][%mdl 32]} 56. Rb7+ Kg6 57. Rb6+ Kh7 58. Ra6 a4 59. Ra7 a3 60. Ra6 Ra1 61. Kg2 Kg8 62. Ra8+ Kf7 63. Ra7+ Kf6 64. Ra6+ Ke7 (64... Kf5 $5 65. Kf3 $8 Rf1+ 66. Ke3 Re1+ 67. Kf2 Ra1 $11) 65. Ra7+ Kf6 66. Ra6+ Kf7 (66... Kf5 $5 67. Kf3 $8 Rf1+ 68. Ke3 Re1+ 69. Kd4 Ra1 $11) 67. Ra7+ Kg6 68. Ra6+ Kh7 69. Ra7 h5 70. Ra5 h4 71. gxh4 Kg6 72. h5+ Kh6 73. Kh2 Ra2+ 74. Kg3 Ra1 {Precision: White = 73%, Black = 56%.} 1/2-1/2

[Event "GER-chT Youth Countries 2018"]
[Site "Wurzburg"]
[Date "2018.10.06"]
[Round "6"]
[White "Urban, Konstantin"]
[Black "Nguyen, Huy Dat"]
[Result "1-0"]
[WhiteElo "2279"]
[BlackElo "2194"]
[Annotator "NA"]
[PlyCount "105"]
[EventDate "2018.10.03"]
[EventType "team-tourn"]
[EventCountry "GER"]
[SourceTitle "playchess.com"]
[Source "ChessBase"]
[SourceQuality "1"]
[TimeControl "40/5400+30:1800+30"]

{[%evp 12,84,33,33,50,44,60,47,58,50,38,52,62,61,63,65,85,80,96,71,120,118,129,107,59,79,89,95,90,39,31,21,41,20,55,50,85,45,109,63,47,11,44,41,258,260,289,160,190,152,141,143,143,147,149,139,32767,32767,142,134,164,164,142,159,200,90,87,97,100,94,32767,93,131,114,270]} 1. e4 {[%emt 0:00:00]} e6 {[%emt 0:00:00]} 2. d4 {[%emt 0:00:01]} b6 {[%emt 0:00:00]} 3. Bd3 {[%emt 0:01:14]} Bb7 {[%emt 0:00:00]} 4. Qe2 {[%emt 0:00:59]} g6 {[%emt 0:01:50] B00: Queen's Fianchetto Defence, Nimzowitsch Defence} (4... Nf6 5. Nf3 d6 6. O-O Nbd7 7. Re1 e5 8. Nc3 Be7 9. Bg5 h6 10. Bh4 Nh5 11. Bxe7 Qxe7 12. Ba6 Nf4 13. Qc4 Bxa6 14. Qxa6 {½-½ (23) Solak,D (2629)-Cicak,S (2566) Stockholm 2012}) 5. Nf3 {[%emt 0:01:08]} Bg7 {[%emt 0:01:12]} 6. c3 {[%emt 0:00:05]} d6 {[%emt 0:03:09]} 7. O-O {[%emt 0:01:01]} Ne7 {[%emt 0:01:58] LiveBook: 3 Games} 8. Re1 {[%emt 0:03:54]} Nd7 {[%emt 0:01:23]} 9. a4 $146 {[%emt 0:00:34]} ({Predecessor:} 9. Nbd2 O-O 10. Nf1 h6 11. Ng3 e5 {1-0 (38) Ozbay,E (2039)-Sredojevic,I (2387) Backi Petrovac 2018}) 9... a6 {[%emt 0:00:29]} 10. Na3 {[%emt 0:07:41]} O-O {[%emt 0:03:35]} 11. Bf4 {[%emt 0:02:01]} Kh8 {[%emt 0:06:33]} 12. Rad1 {[%emt 0:02:12]} Qe8 {[%emt 0:13:30]} 13. Bc2 Ra7 {[%emt 0:24:52]} 14. h3 {[%emt 0:26:11]} h6 {[%emt 0:05:08]} 15. Bc1 {[%emt 0:15:54]} g5 {[%emt 0:03:53]} 16. h4 {[%emt 0:02:17]} f6 {[%emt 0:02:52]} 17. hxg5 {[%emt 0:08:35]} fxg5 {[%emt 0:00:26]} 18. Nh2 {[%emt 0:01:20]} e5 {[%emt 0:02:24]} 19. Rd3 {[%emt 0:02:26]} Ng6 {[%emt 0:04:33]} 20. g3 {[%emt 0:02:34]} (20. Bxg5 $16 hxg5 21. Qh5+ Kg8 22. Qxg5 exd4 23. Bb3+ d5 24. cxd4) 20... Nf6 {[%emt 0:03:42]} 21. Rdd1 {[%emt 0:00:14]} Bc8 {[%emt 0:03:09]} 22. Nc4 {[%emt 0:00:19]} b5 {[%emt 0:02:08]} 23. Ne3 {[%emt 0:02:36]} bxa4 {[%emt 0:04:39]} 24. Nf5 {[%emt 0:06:23]} Qf7 {[%emt 0:05:20]} (24... Rb7 $14) 25. dxe5 {[%emt 0:04:23]} ({Stronger than} 25. Bxa4 Nxe4 26. g4 Nf6 $17) 25... Nxe5 {[%emt 0:01:28]} 26. f4 {[%emt 0:01:38]} gxf4 {[%emt 0:00:59]} 27. gxf4 {[%emt 0:00:01]} Neg4 $2 {[%emt 0:01:37]} ({Black should try} 27... Ng6 $14) 28. Nxg4 {[%emt 0:00:35]} Qg6 {[%emt 0:00:12]} 29. Ne7 {[%emt 0:02:21]} ({Not} 29. Be3 Rb7 $14) 29... Qxg4+ {[%emt 0:00:16]} 30. Qxg4 {[%emt 0:00:02]} Bxg4 {[%emt 0:00:06]} 31. Ng6+ {[%emt 0:01:24]} ({Much less strong is} 31. Bxa4 $6 Bxd1 32. Ng6+ Kg8 $14) 31... Kg8 {[%emt 0:00:14]} 32. Nxf8 {[%emt 0:00:43]} Bxd1 {[%emt 0:00:08]} 33. Bxd1 {[%emt 0:00:09]} Kxf8 {[%emt 0:00:09]} 34. Bxa4 {[%emt 0:00:05]} Rb7 {[%emt 0:02:12]} 35. Kg2 {[%emt 0:01:10]} Ke7 {[%emt 0:00:40]} 36. Kf3 {[%emt 0:00:18]} Nd7 {[%emt 0:00:47]} 37. Rg1 {[%emt 0:01:54]} Bf8 {[%emt 0:02:02]} 38. Bc2 {[%emt 0:01:36]} (38. b4 $18) 38... a5 {[%emt 0:00:16]} 39. Bd3 {[%emt 0:01:13]} Nc5 {[%emt 0:00:55]} 40. Bc4 {[%emt 0:00:16]} c6 {[%emt 0:00:39]} 41. Rg8 {[%emt 0:10:43]} Rb8 {[%emt 0:09:23]} 42. Rh8 {[%emt 0:05:47]} Kf6 $18 {[%emt 0:11:12]} (42... Re8 $142 43. e5 dxe5 44. fxe5 Nd7) 43. Be3 {[%emt 0:04:59]} Nxe4 {[%emt 0:06:10]} 44. Bd4+ {[%emt 0:01:05]} Kf5 {[%emt 0:01:04]} 45. Bd3 {[%emt 0:02:09]} d5 {[%emt 0:00:04]} 46. Be5 {[%emt 0:01:50]} Re8 {[%emt 0:04:36]} 47. Bg7 {[%emt 0:02:01]} Bxg7 {[%emt 0:00:30]} 48. Rxe8 {[%emt 0:00:06]} a4 {[%emt 0:00:12]} 49. Bxe4+ {[%emt 0:00:49]} dxe4+ {[%emt 0:00:36]} 50. Rxe4 {[%emt 0:00:02]} a3 {[%emt 0:00:00]} 51. bxa3 {[%emt 0:00:03]} Bxc3 {[%emt 0:00:00]} 52. Rc4 {[%emt 0:00:02]} Bb2 {[%emt 0:00:26]} 53. a4 {[%emt 0:00:11] Ke4+ Kxe4} 1-0